| 000 | 00636nam a2200241 a 4500 | ||
|---|---|---|---|
| 001 | nice12345678 | ||
| 003 | IN_TiNIC | ||
| 005 | 20260116014623.0 | ||
| 008 | 070403s2001 newa grp 000 0 eng | ||
| 020 |
_a8171513042 _c120 |
||
| 082 | 0 | 0 |
_a340.59 _bHAS8 |
| 100 | _aHashmi, Yusuf Abbas | ||
| 245 |
_aKitabur-Rasul _b The Constitutional Dictation of Muhammad (PBUH) |
||
| 260 |
_aNew Delhi _bKitab Bhavan _c2001 |
||
| 300 | _a170p | ||
| 500 | _aincludes index and biblioraphy | ||
| 505 | 2 | _abiblio, index | |
| 650 | _aIslamic-Law | ||
| 700 | 1 | _aHashmi, Yusuf Abbas | |
| 902 | _bSRS | ||
| 942 | _cBK | ||
| 999 |
_c16263 _d16263 |
||